De Paris, el fel i la mel / (Record no. 40097)
[ view plain ]
| 000 -LEADER | |
|---|---|
| campo de control de longitud fija | 00644nam a2200205 i 4500 |
| 001 - NÚMERO DE CONTROL | |
| campo de control | 40097 |
| 003 - IDENTIFICADOR DE NÚMERO DE CONTROL | |
| campo de control | ES-MaACL |
| 005 - FECHA Y HORA DE LA ÚLTIMA TRANSACCIÓN | |
| campo de control | 20230906160137.0 |
| 007 - CAMPO FIJO DE DESCRIPCIÓN FÍSICA--INFORMACIÓN GENERAL | |
| campo de control de longitud fija | t| |
| 008 - DATOS DE LONGITUD FIJA--INFORMACIÓN GENERAL | |
| campo de control de longitud fija | 030305s1965 sp ||||1| cat d |
| 100 1# - ENTRADA PRINCIPAL--NOMBRE DE PERSONA | |
| Nombre de persona | Canyameres, Ferran. |
| 9 (RLIN) | 181837 |
| 245 10 - MENCIÓN DEL TÍTULO | |
| Título | De Paris, el fel i la mel / |
| Mención de responsabilidad, etc. | memories de Ferran Canyameres ; dibuixos originals de Josep Mª Casablancas. |
| 250 ## - MENCION DE EDICION | |
| Mención de edición | [1ª ed.]. |
| 260 ## - PUBLICACIÓN, DISTRIBUCIÓN, ETC. | |
| Lugar de publicación, distribución, etc. | Barcelona, etc. : |
| Nombre del editor, distribuidor, etc. | Bruguera, |
| Fecha de publicación, distribución, etc. | 1965. |
| 300 ## - DESCRIPCIÓN FÍSICA | |
| Extensión | 278 p., 8 lám. : |
| Otras características físicas | il. ; |
| Dimensiones | 23 cm. |
| 700 1# - ENTRADA AGREGADA--NOMBRE PERSONAL | |
| Nombre de persona | Casablancas, Josep María. |
| 9 (RLIN) | 35988 |
| 852 ## - LOCALIZACIÓN | |
| Ubicación | ES-MaACL |
| Número de control de estantería | C-27617 |
| 852 ## - LOCALIZACIÓN | |
| Ubicación | ES-MaACL |
| Número de control de estantería | C-26992 |
| Sublocalización o colección | R.55974 |
| Estatus retirado | Estado de pérdida | Estado de daño | No para préstamo | Biblioteca de origen | Biblioteca actual | Ubicación en estantería | Fecha de adquisición | Fuente de adquisición | Total de préstamos | Signatura topográfica completa | Código de barras | Visto por última vez | Precio de reemplazo | Tipo de ítem Koha |
|---|---|---|---|---|---|---|---|---|---|---|---|---|---|---|
| Biblioteca del Ateneo de Madrid | Biblioteca del Ateneo de Madrid | Depósito 2 | 17/01/2008 | C-26992 | 1042216 | 23/02/2023 | 23/02/2023 | Libro impreso | ||||||
| Biblioteca del Ateneo de Madrid | Biblioteca del Ateneo de Madrid | Depósito 2 | 17/01/2008 | C-27617 | 1042215 | 23/02/2023 | 23/02/2023 | Libro impreso |
